[Event "LTU-chT"]
[Site "Lithuania"]
[Date "2025.01.25"]
[Round "2.17"]
[White "Juknis, Paulius"]
[Black "Rudzkis, Vilius"]
[Result "1/2-1/2"]
[WhiteElo "2183"]
[BlackElo "2108"]
[PlyCount "91"]
[EventDate "2025.01.24"]
[EventType "team-swiss"]
[EventRounds "7"]
[EventCountry "LTU"]
[SourceTitle "CB14_2025"]
[SourceDate "2024.11.01"]
[SourceVersion "1"]
[SourceVersionDate "2024.11.01"]
[SourceQuality "1"]
[WhiteTeam "Kaunas SBK"]
[BlackTeam "Vilnius Juoda Balta"]
[WhiteTeamCountry "LTU"]
[BlackTeamCountry "LTU"]

1. e4 c5 2. Nc3 Nc6 3. Bb5 Nd4 4. Nf3 a6 5. Bd3 g6 6. 0-0 Bg7 7. Re1 e6 8. Nxd4 cxd4 9. Ne2 Ne7 10. c3 dxc3 11. dxc3 0-0 12. Bg5 d6 13. Qd2 Qc7 14. Rad1 b5 15. Bb1 Rd8 16. Nd4 f6 17. Be3 e5 18. Nc2 Be6 19. Nb4 d5 20. Qe2 Rd6 21. f4 Rad8 22. fxe5 fxe5 23. exd5 Nxd5 24. Nxd5 Bxd5 25. a3 Bc4 26. Qf3 Rf8 27. Qe4 Kh8 28. h3 Rfd8 29. Rxd6 Qxd6 30. Bc2 Bd5 31. Qg4 Qc6 32. Bg5 Rf8 33. Be4 Qb6+ 34. Be3 Qc6 35. Bf2 Bxe4 36. Qxe4 Qxe4 37. Rxe4 Rd8 38. Re2 Rd1+ 39. Kh2 Bh6 40. Bg3 Bf4 41. h4 Rf1 42. Bxf4 exf4 43. h5 Kg7 44. hxg6 hxg6 45. Kh3 f3 46. gxf3 1/2-1/2

[Event "LTU-chT"]
[Site "Lithuania"]
[Date "2025.01.25"]
[Round "3.11"]
[White "Rudzkis, Vilius"]
[Black "Limontas, Martynas"]
[Result "1/2-1/2"]
[WhiteElo "2108"]
[BlackElo "2237"]
[PlyCount "58"]
[EventDate "2025.01.24"]
[EventType "team-swiss"]
[EventRounds "7"]
[EventCountry "LTU"]
[SourceTitle "CB14_2025"]
[SourceDate "2024.11.01"]
[SourceVersion "1"]
[SourceVersionDate "2024.11.01"]
[SourceQuality "1"]
[WhiteTeam "Vilnius Juoda Balta"]
[BlackTeam "Vilnius Chess United"]
[WhiteTeamCountry "LTU"]
[BlackTeamCountry "LTU"]

1. d4 Nf6 2. c4 e6 3. Nc3 Bb4 4. Bd2 b6 5. Nf3 Bb7 6. e3 0-0 7. Bd3 Bxc3 8. Bxc3 Ne4 9. Rc1 d6 10. 0-0 Nxc3 11. Rxc3 Nd7 12. Qe2 Qe7 13. Rd1 e5 14. dxe5 Nxe5 15. Nxe5 Qxe5 16. Qd2 a5 17. Bf1 Rfe8 18. Rd3 Re6 19. Rd4 Rae8 20. Rf4 Rg6 21. Qd4 Qe6 22. Rh4 Rg5 23. g3 Be4 24. Bg2 Bxg2 25. Kxg2 Re5 26. Qd3 h6 27. b3 Qd7 28. Qe2 Qc6+ 29. Qf3 Qxf3+ 1/2-1/2

[Event "World ol U16"]
[Site "Eindhoven"]
[Date "2023.08.16"]
[Round "6.20"]
[White "Ortiz Bogdanov, Pablo"]
[Black "Rudzkis, Vilius"]
[Result "0-1"]
[WhiteElo "1501"]
[BlackElo "1949"]
[PlyCount "118"]
[EventDate "2023.08.13"]
[EventType "team-swiss"]
[EventRounds "9"]
[EventCountry "NED"]
[SourceTitle "CBM 215 Extra"]
[Source "ChessBase"]
[SourceDate "2023.09.30"]
[SourceVersion "1"]
[SourceVersionDate "2023.09.30"]
[SourceQuality "1"]
[WhiteTeam "Luxembourg"]
[BlackTeam "Lithuania"]
[WhiteTeamCountry "LUX"]
[BlackTeamCountry "LTU"]

1. e4 c5 2. Nf3 Nc6 3. Bb5 g6 4. 0-0 Bg7 5. Re1 Nf6 6. Bxc6 dxc6 7. d3 0-0 8. Nc3 Qc7 9. Be3 b6 10. h3 e5 11. Qd2 Rd8 12. Bh6 Nd7 13. Rad1 Nf8 14. Bxg7 Kxg7 15. Qg5 f6 16. Qg3 Ne6 17. Ne2 Nd4 18. Nfxd4 cxd4 19. Rf1 Qe7 20. f4 Bd7 21. Rf2 c5 22. Rdf1 Rf8 23. Qh4 Rae8 24. Qg3 b5 25. Qh4 c4 26. fxe5 Qxe5 27. Qf4 Be6 28. a3 Rc8 29. Qxe5 fxe5 30. Rxf8 Rxf8 31. Rxf8 Kxf8 32. dxc4 bxc4 33. Nc1 Ke7 34. Kf2 Kd6 35. Ke2 Kc5 36. Kf3 a5 37. Ke2 Kb5 38. Kd2 Bd7 39. Ne2 Bc6 40. Ng3 Ka4 41. Kc1 g5 42. Kd2 Bb7 43. Kd1 h5 44. Nxh5 Bxe4 45. Nf6 Bxg2 46. Ng4 Bf3+ 47. Kd2 Bxg4 48. hxg4 e4 49. Ke2 Kb5 50. Kd2 a4 51. Ke2 Kc5 52. Kd2 Kd5 53. Ke2 d3+ 54. cxd3 exd3+ 55. Ke3 Ke5 56. Kd2 Kd4 57. Kc1 c3 58. Kd1 cxb2 59. Kd2 b1N+ 0-1

[Event "LTU-ch sf"]
[Site "Vilnius"]
[Date "2023.04.13"]
[Round "5"]
[White "Rudzkis, Vilius"]
[Black "Povilaitis, Matas Arunas"]
[Result "1-0"]
[WhiteElo "1883"]
[BlackElo "1904"]
[PlyCount "51"]
[EventDate "2023.04.11"]
[EventType "swiss"]
[EventRounds "9"]
[EventCountry "LTU"]
[SourceTitle "CBM 213 Extra"]
[Source "ChessBase"]
[SourceDate "2023.05.31"]
[SourceVersion "1"]
[SourceVersionDate "2023.05.31"]
[SourceQuality "1"]

1. d4 d5 2. c4 e6 3. Nc3 Nf6 4. Nf3 Be7 5. Bf4 0-0 6. e3 Nbd7 7. h3 c5 8. dxc5 Nxc5 9. Qc2 b6 10. Rd1 Bb7 11. cxd5 exd5 12. Be2 Rc8 13. Qb1 Bd6 14. Bg5 Nce4 15. Nxe4 dxe4 16. Nd2 Re8 17. 0-0 h6 18. Nc4 Ba6 19. Bxf6 Qxf6 20. Rxd6 Qh4 21. b3 Rc5 22. Rd2 Rg5 23. Kh2 Bc8 24. Rg1 Qxf2 25. Bg4 Qh4 26. g3 1-0

[Event "LTU-ch Rapid"]
[Site "Taujenai"]
[Date "2022.12.03"]
[Round "5"]
[White "Rudzkis, Vilius"]
[Black "Mickunaite, Agne"]
[Result "1-0"]
[WhiteElo "1872"]
[BlackElo "1582"]
[PlyCount "89"]
[EventDate "2022.12.03"]
[EventType "swiss (rapid)"]
[EventRounds "10"]
[EventCountry "LTU"]
[SourceTitle "CBM 211 Extra"]
[Source "ChessBase"]
[SourceDate "2023.01.31"]
[SourceVersion "1"]
[SourceVersionDate "2023.01.31"]
[SourceQuality "1"]

1. b4 d5 2. Bb2 d4 3. Nf3 e5 4. Nxe5 Bxb4 5. g3 Nf6 6. Bg2 Bc5 7. 0-0 0-0 8. e3 Re8 9. Nd3 Bb6 10. h3 Nc6 11. Na3 Be6 12. Nb5 a6 13. Nxd4 Nxd4 14. exd4 Bxd4 15. Bxd4 Qxd4 16. Nf4 Rab8 17. c3 Qd7 18. Nxe6 Rxe6 19. d4 c6 20. Rb1 Rbe8 21. Qb3 b5 22. Rbd1 h6 23. c4 Qa7 24. a4 Rb8 25. axb5 axb5 26. cxb5 cxb5 27. d5 Rd6 28. Rd3 b4 29. Rc1 Qb6 30. Rc6 Rxc6 31. dxc6 Re8 32. Rd2 Re1+ 33. Kh2 Re8 34. Rc2 Rc8 35. Kg1 Ne8 36. Rc4 Rb8 37. Bd5 Nd6 38. Rf4 Qc7 39. Rxb4 Rxb4 40. Qxb4 g6 41. Qg4 Nf5 42. Qxg6+ Ng7 43. Qxf7+ Qxf7 44. Bxf7+ Kxf7 45. c7 1-0

[Event "Plunge op-A 41st"]
[Site "Plateliai"]
[Date "2022.07.19"]
[Round "3"]
[White "Balciunaite, Jore"]
[Black "Rudzkis, Vilius"]
[Result "1/2-1/2"]
[WhiteElo "1355"]
[BlackElo "1892"]
[PlyCount "78"]
[EventDate "2022.07.18"]
[EventType "swiss"]
[EventRounds "9"]
[EventCountry "LTU"]
[SourceTitle "CBM 209 Extra"]
[Source "ChessBase"]
[SourceDate "2022.09.30"]
[SourceVersion "1"]
[SourceVersionDate "2022.09.30"]
[SourceQuality "1"]

1. e4 c5 2. Nf3 Nc6 3. Bb5 g6 4. 0-0 Bg7 5. Re1 Nf6 6. Bxc6 dxc6 7. d3 0-0 8. Nc3 Ne8 9. Bg5 Nc7 10. h3 Ne6 11. Bh4 Nd4 12. e5 h6 13. Nh2 Nf5 14. Qg4 Qc7 15. Bg3 Nxg3 16. Qxg3 Be6 17. Rad1 Rfd8 18. Qe3 b6 19. f4 Qd7 20. Nf3 h5 21. Ng5 Bh6 22. Nxe6 Qxe6 23. b3 Rd7 24. Ne4 Qf5 25. Rf1 Qxe5 26. Qf3 Qd4+ 27. Kh1 e6 28. c3 Qg7 29. c4 Rad8 30. g4 hxg4 31. hxg4 Qd4 32. f5 exf5 33. gxf5 Bg7 34. Rg1 Rd6 35. Nxd6 Rxd6 36. Rg4 Qf6 37. Rdg1 Rd4 38. Rxd4 cxd4 39. Rf1 gxf5 1/2-1/2

[Event "Plunge op-A 41st"]
[Site "Plateliai"]
[Date "2022.07.19"]
[Round "2"]
[White "Rudzkis, Vilius"]
[Black "Salna, Aleksandras"]
[Result "0-1"]
[WhiteElo "1892"]
[BlackElo "2165"]
[PlyCount "68"]
[EventDate "2022.07.18"]
[EventType "swiss"]
[EventRounds "9"]
[EventCountry "LTU"]
[SourceTitle "CBM 209 Extra"]
[Source "ChessBase"]
[SourceDate "2022.09.30"]
[SourceVersion "1"]
[SourceVersionDate "2022.09.30"]
[SourceQuality "1"]

1. d4 d6 2. c4 e5 3. d5 f5 4. e4 Nf6 5. exf5 Bxf5 6. Nc3 Be7 7. Bd3 Qc8 8. Nge2 Na6 9. Ng3 Bxd3 10. Qxd3 Nc5 11. Qe2 Qg4 12. Be3 Qxe2+ 13. Kxe2 b6 14. b4 Ncd7 15. Nge4 Nxe4 16. Nxe4 Nf6 17. Kd3 Nxe4 18. Kxe4 h6 19. h4 a5 20. b5 Kd7 21. a4 g5 22. hxg5 Bxg5 23. Ra3 Bxe3 24. Kxe3 Rag8 25. g3 Rg4 26. Rc3 h5 27. Kf3 Rd4 28. Ke2 h4 29. Rh3 Ke7 30. Ke3 Rf8 31. Rc1 hxg3 32. Rxg3 Rff4 33. Rg7+ Rf7 34. Rg6 Rdf4 0-1

[Event "Plunge op-A 41st"]
[Site "Plateliai"]
[Date "2022.07.18"]
[Round "1"]
[White "Juskaitis, Skomantas"]
[Black "Rudzkis, Vilius"]
[Result "0-1"]
[WhiteElo "1291"]
[BlackElo "1892"]
[PlyCount "58"]
[EventDate "2022.07.18"]
[EventType "swiss"]
[EventRounds "9"]
[EventCountry "LTU"]
[SourceTitle "CBM 209 Extra"]
[Source "ChessBase"]
[SourceDate "2022.09.30"]
[SourceVersion "1"]
[SourceVersionDate "2022.09.30"]
[SourceQuality "1"]

1. d4 Nf6 2. Bf4 g6 3. Nf3 Bg7 4. e3 c5 5. c3 b6 6. Be2 0-0 7. 0-0 d6 8. Nbd2 Bb7 9. h3 Nbd7 10. Nb3 a6 11. dxc5 bxc5 12. Nbd2 Nb6 13. Nc4 Bxf3 14. gxf3 Nxc4 15. Bxc4 d5 16. Bb3 Qb6 17. Rb1 Rfd8 18. Qe2 a5 19. Ba4 d4 20. cxd4 cxd4 21. Bb5 Nd5 22. Rfc1 Nxf4 23. exf4 Rac8 24. Ba6 Rxc1+ 25. Rxc1 Qd6 26. Rd1 e6 27. Qb5 Rb8 28. Qe2 Qxf4 29. Rd2 Be5 0-1

[Event "LTU-ch sf"]
[Site "Vilnius"]
[Date "2022.04.09"]
[Round "3"]
[White "Stremavicius, Pijus"]
[Black "Rudzkis, Vilius"]
[Result "1-0"]
[WhiteElo "2316"]
[BlackElo "1862"]
[PlyCount "51"]
[EventDate "2022.04.08"]
[EventType "swiss"]
[EventRounds "9"]
[EventCountry "LTU"]
[SourceTitle "CBM 207 Extra"]
[Source "ChessBase"]
[SourceDate "2022.05.31"]
[SourceVersion "1"]
[SourceVersionDate "2022.05.31"]
[SourceQuality "1"]

1. b3 Nf6 2. Bb2 d5 3. Nf3 g6 4. g3 Bg7 5. Bg2 0-0 6. c4 e6 7. 0-0 b6 8. d4 Bb7 9. Nbd2 Nbd7 10. e3 c5 11. Qc2 Qc7 12. Rac1 Rac8 13. Qb1 Qb8 14. Qa1 cxd4 15. Bxd4 Nh5 16. Rfd1 Rfd8 17. cxd5 Bxd5 18. Nc4 Qa8 19. Ne1 Nc5 20. Ne5 Ne4 21. Rxc8 Rxc8 22. Ng4 Ng5 23. Bxg7 Nxg7 24. Bxd5 exd5 25. Qf6 h5 26. Ne5 1-0

[Event "LTU-ch U16"]
[Site "Kaunas"]
[Date "2022.02.19"]
[Round "6"]
[White "Rudzkis, Vilius"]
[Black "Pidluznij, Gleb"]
[Result "1/2-1/2"]
[WhiteElo "1872"]
[BlackElo "2046"]
[PlyCount "54"]
[EventDate "2022.02.16"]
[EventType "swiss"]
[EventRounds "8"]
[EventCountry "LTU"]
[SourceTitle "CBM 207 Extra"]
[Source "ChessBase"]
[SourceDate "2022.05.31"]
[SourceVersion "1"]
[SourceVersionDate "2022.05.31"]
[SourceQuality "1"]

1. d4 Nf6 2. c4 g6 3. Nc3 Bg7 4. e4 d6 5. Be2 0-0 6. Bg5 c5 7. d5 e6 8. Qc1 exd5 9. exd5 Qb6 10. Nf3 Bg4 11. 0-0 Bxf3 12. Bxf3 Nbd7 13. Re1 Rfe8 14. Qc2 a6 15. b3 Rxe1+ 16. Rxe1 Ne5 17. Bd1 Re8 18. Qd2 Ned7 19. Rxe8+ Nxe8 20. Qe3 Be5 21. Ne4 f5 22. Ng3 Qa5 23. Qd2 Qxd2 24. Bxd2 Kf8 25. a4 Nc7 26. a5 Ke7 27. Kf1 Bf6 1/2-1/2

[Event "LTU-ch U16"]
[Site "Kaunas"]
[Date "2022.02.18"]
[Round "5"]
[White "Scekaciov, Rostislav"]
[Black "Rudzkis, Vilius"]
[Result "1/2-1/2"]
[WhiteElo "1726"]
[BlackElo "1872"]
[PlyCount "82"]
[EventDate "2022.02.16"]
[EventType "swiss"]
[EventRounds "8"]
[EventCountry "LTU"]
[SourceTitle "CBM 207 Extra"]
[Source "ChessBase"]
[SourceDate "2022.05.31"]
[SourceVersion "1"]
[SourceVersionDate "2022.05.31"]
[SourceQuality "1"]

1. Nf3 Nf6 2. g3 g6 3. Bg2 Bg7 4. 0-0 0-0 5. c4 d5 6. d4 dxc4 7. Nc3 c6 8. Qa4 b5 9. Qc2 Nd5 10. b3 cxb3 11. axb3 Bg4 12. Nxd5 cxd5 13. Ne5 Be6 14. Qc5 Nd7 15. Nxd7 Qxd7 16. Ba3 Bf6 17. Rac1 Rfc8 18. Qb4 Kg7 19. Rc5 Rxc5 20. Qxc5 Rc8 21. Qb4 Qc6 22. h4 Qb6 23. e3 a5 24. Qd2 b4 25. Bb2 Qb5 26. Rc1 Rxc1+ 27. Bxc1 Bf5 28. Bf3 h5 29. Bd1 Qd7 30. Bb2 Be4 31. Kh2 Qc7 32. Kg1 Qc8 33. Kh2 Qa6 34. Kg1 Bf5 35. Be2 Qc6 36. Bf3 Bd7 37. Bd1 Qb6 38. Bf3 e6 39. Bd1 Bb5 40. Bc2 Qc6 41. Qd1 Qc7 1/2-1/2

[Event "LTU-ch U16"]
[Site "Kaunas"]
[Date "2022.02.17"]
[Round "3"]
[White "Povilaitis, Matas Arunas"]
[Black "Rudzkis, Vilius"]
[Result "1/2-1/2"]
[WhiteElo "1735"]
[BlackElo "1872"]
[PlyCount "27"]
[EventDate "2022.02.16"]
[EventType "swiss"]
[EventRounds "8"]
[EventCountry "LTU"]
[SourceTitle "CBM 207 Extra"]
[Source "ChessBase"]
[SourceDate "2022.05.31"]
[SourceVersion "1"]
[SourceVersionDate "2022.05.31"]
[SourceQuality "1"]

1. d4 Nf6 2. Bg5 d5 3. Bxf6 exf6 4. e3 g6 5. g3 Bg7 6. Bg2 0-0 7. Ne2 c6 8. Nd2 f5 9. 0-0 Nd7 10. c4 dxc4 11. Nxc4 Nb6 12. Nxb6 Qxb6 13. Qc2 Be6 14. Nc3 1/2-1/2

[Event "LTU-ch U14 Rapid"]
[Site "Vilnius"]
[Date "2021.09.18"]
[Round "1"]
[White "Ratkeviciute, Laurinta"]
[Black "Rudzkis, Vilius"]
[Result "0-1"]
[WhiteElo "1146"]
[BlackElo "1560"]
[PlyCount "54"]
[EventDate "2021.09.18"]
[EventType "swiss (rapid)"]
[EventRounds "9"]
[EventCountry "LTU"]
[SourceTitle "EXT 2023"]
[Source "ChessBase"]
[SourceDate "2022.10.05"]
[SourceVersion "1"]
[SourceVersionDate "2022.10.05"]
[SourceQuality "1"]

1. e4 c5 2. Nf3 Nc6 3. d4 cxd4 4. Nxd4 Nf6 5. Nc3 e5 6. Ndb5 d6 7. Bg5 a6 8. Na3 b5 9. Nd5 Be7 10. Bxf6 Bxf6 11. c4 b4 12. Nc2 a5 13. g3 0-0 14. Bg2 Bg5 15. 0-0 Be6 16. Qd3 f5 17. Bh3 g6 18. exf5 gxf5 19. Nce3 e4 20. Qe2 Nd4 21. Qd1 Nf3+ 22. Kg2 Ra7 23. Kh1 Qe8 24. Bg2 Qh5 25. Bxf3 exf3 26. Rc1 f4 27. gxf4 Bh6 0-1

[Event "Plunge op-B 39th"]
[Site "Plateliai"]
[Date "2019.07.21"]
[Round "9"]
[White "Rudzkis, Vilius"]
[Black "Narmontas, Algirdas"]
[Result "1-0"]
[WhiteElo "1326"]
[BlackElo "1339"]
[PlyCount "95"]
[EventDate "2019.07.15"]
[EventType "swiss"]
[EventRounds "9"]
[EventCountry "LTU"]
[SourceTitle "EXT 2020"]
[Source "ChessBase"]
[SourceDate "2019.10.17"]
[SourceVersion "1"]
[SourceVersionDate "2019.10.17"]
[SourceQuality "1"]

1. d4 d5 2. c4 e5 3. dxe5 d4 4. Nf3 Nc6 5. a3 a5 6. e3 Bc5 7. exd4 Nxd4 8. Be2 Ne7 9. Bg5 Nxe2 10. Qxd8+ Kxd8 11. Kxe2 Bg4 12. h3 Bh5 13. g4 Bg6 14. Nc3 c6 15. Be3 Bxe3 16. Kxe3 a4 17. Ne4 Kc7 18. Rad1 Rhd8 19. Nc5 b6 20. Rxd8 Kxd8 21. Rd1+ Kc8 22. Ne4 Kc7 23. Nd4 Rd8 24. f4 h5 25. Rf1 hxg4 26. hxg4 Rh8 27. f5 Rh3+ 28. Rf3 Rxf3+ 29. Kxf3 Bh7 30. Nc3 g6 31. f6 Nc8 32. e6 Nd6 33. e7 g5 34. Ndb5+ cxb5 35. Nxb5+ Nxb5 36. e8Q Be4+ 37. Qxe4 Nd6 38. Qe5 Kc6 39. Qxg5 Nxc4 40. Qc1 Kd5 41. g5 Ne5+ 42. Kg2 Ke6 43. Qc8+ Kd5 44. Qb7+ Kc5 45. Qc7+ Kd5 46. Qxb6 Ke4 47. Qb4+ Kf5 48. Qxa4 1-0

[Event "Plunge op-B 39th"]
[Site "Plateliai"]
[Date "2019.07.20"]
[Round "8"]
[White "Persinas, Vilius"]
[Black "Rudzkis, Vilius"]
[Result "1-0"]
[WhiteElo "1395"]
[BlackElo "1326"]
[PlyCount "45"]
[EventDate "2019.07.15"]
[EventType "swiss"]
[EventRounds "9"]
[EventCountry "LTU"]
[SourceTitle "EXT 2020"]
[Source "ChessBase"]
[SourceDate "2019.10.17"]
[SourceVersion "1"]
[SourceVersionDate "2019.10.17"]
[SourceQuality "1"]

1. e4 c5 2. f4 Nc6 3. Nf3 g6 4. Bc4 Bg7 5. 0-0 e6 6. Nc3 Nge7 7. e5 Na5 8. Qe2 d5 9. exd6 Qxd6 10. Bb5+ Nec6 11. Ne4 Qe7 12. Qf2 b6 13. d4 c4 14. Ne5 Bd7 15. c3 Nxe5 16. fxe5 0-0 17. Nf6+ Bxf6 18. exf6 Qd8 19. Qf4 Bxb5 20. Qh6 Qxf6 21. Rxf6 Rfd8 22. Bf4 Rd5 23. Be5 1-0

[Event "Plunge op-B 39th"]
[Site "Plateliai"]
[Date "2019.07.17"]
[Round "4"]
[White "Rudzkis, Vilius"]
[Black "Jaskunaite, Auguste"]
[Result "1-0"]
[WhiteElo "1326"]
[BlackElo "1330"]
[PlyCount "71"]
[EventDate "2019.07.15"]
[EventType "swiss"]
[EventRounds "9"]
[EventCountry "LTU"]
[SourceTitle "EXT 2020"]
[Source "ChessBase"]
[SourceDate "2019.10.17"]
[SourceVersion "1"]
[SourceVersionDate "2019.10.17"]
[SourceQuality "1"]

1. d4 d5 2. c4 c6 3. Nc3 Nf6 4. e3 Bf5 5. cxd5 cxd5 6. Qb3 Qb6 7. Nxd5 Qxb3 8. Nxf6+ gxf6 9. axb3 Bc2 10. Bc4 Rg8 11. Ne2 Be4 12. f3 Bc6 13. Kf2 e6 14. e4 b5 15. Bd3 a6 16. Bf4 Bb7 17. Rhc1 Nc6 18. g3 e5 19. Be3 Nb4 20. Bxb5+ axb5 21. Rxa8+ Bxa8 22. Rc8+ Kd7 23. Rxa8 exd4 24. Bxd4 Nc6 25. Kf1 Ne5 26. Bxe5 fxe5 27. Nc3 Kc6 28. Rb8 b4 29. Nd5 Rh8 30. Nxb4+ Kc5 31. Nd5 Bg7 32. b4+ Kc4 33. Rxh8 Bxh8 34. b3+ Kb5 35. h4 Bg7 36. g4 1-0